=LDR 00000nam 2200000 4500 =001 INLIS000000000033635 =005 20130612135558 =008 ***********************************ind** =035 ##$$a0010-061300000033635 =041 ##$$a ind =082 ##$$a 378.17 =090 ##$$a 378.17, Gie,c =100 ##$$a Gie,Theliang =245 ##$$a Cara Belajar Yang Baik Bagi Mahasiswa, Theliang Gie =260 ##$$a 2004 $b Yogyakarta =300 ##$$a viii,iii hlm., 21 cm =650 ##$$a Pendidikan Tinggi-Belajar =850 ##$$a NBPNMAT =990 ##$$a 90705/BPAP-NTB/2014